000 00510nam a22001817a 4500
005 20251108175405.0
008 250721s2013 xx 000 0 ara d
082 1 4 _a923.2/معد
100 1 _aمعدي، الحسيني الحسيني
245 1 0 _aمذكرات مناجم بيجن /
264 1 _aالعتبة :
_bدار الخلود،
_c2013.
300 _a424 ص.
650 1 7 _aالتراجم
650 1 7 _aالسياسيون
650 1 7 _aالصهيونية
942 _2ddc
_cBK
999 _c132998
_d132998